000 00384cam a2200181 4500
001 D12091
008 090401t xxu||||| |||| 00| 0 eng d
035 _a(Sirsi) u1162
041 _aeng
100 _aBateman, Joseph
245 4 _aThe auctioneer`s guide
250 _a3rd
260 _bW Maxwell
_cn d
350 _a0
520 _aShelf 113
942 _n0
948 _c04/03/1997
999 _c85636
_d85636